[Event "Corus-B"]
[Site "Wijk aan Zee"]
[Date "2005.01.17"]
[Round "3"]
[White "Nielsen, Peter Heine"]
[Black "Carlsen, Magnus"]
[Result "1/2-1/2"]
[WhiteElo "2648"]
[BlackElo "2553"]
[Annotator "Krasenkow,M"]
[PlyCount "60"]
[EventDate "2005.01.15"]
[EventType "tourn"]
[EventRounds "13"]
[EventCountry "NED"]
[EventCategory "13"]
[SourceTitle "CBM 105"]
[Source "ChessBase"]
[SourceDate "2005.04.11"]
[SourceVersion "1"]
[SourceVersionDate "2005.04.11"]
[SourceQuality "1"]

1. d4 Nf6 2. c4 g6 3. Nc3 d5 4. cxd5 Nxd5 5. e4 Nxc3 6. bxc3 Bg7 7. Nf3 c5 8.
Rb1 O-O 9. Be2 Qa5 10. O-O Qxc3 {This (quite playable) move is less popular
than} (10... Qxa2) 11. d5 {Logical. White sacrifices a pawn to create a strong
pawn center. The other (perhaps more dangerous for Black) possibilities are:} (
11. Bd2) (11. Rb3) 11... Qa5 12. Bg5 (12. Bb2 b6 13. Bxg7 Kxg7 14. Ne5 Ba6 15.
Bxa6 Qxa6 16. Qd2 f6 17. Ng4 Nd7 18. Rb3 Qc4 19. Re1 Ne5 20. Nh6 Qd4 21. Qf4
Kh8 22. Rh3 Nd3 23. Qh4 g5 {0-1 Lobron,E-Sokolov,I/Garmisch Partenkirchen 1994/
CBM 043 ext (23)}) (12. e5 Qc7 13. Bf4 e6 14. d6 Qd7 15. Qc1 b6 16. Bb5 Nc6 17.
Bh6 Bb7 18. Re1 a6 19. Bf1 Nb4 20. Bxg7 Kxg7 21. a3 Nd5 22. Bc4 Rab8 23. Ng5
Qc6 24. Ne4 $40 {1-0 Hansen,S-Brettschneider,S/Lyngby 1991/EXT 2000 (41)})
12... Qc7 (12... Re8 13. Bb5 $1 (13. Qc1 a6 14. Rd1 Nd7 {Raetsky,A-Konopka,M/
USSR 1985/Inf 40 (14)}) 13... Nd7 14. e5 (14. d6 exd6 15. Qxd6 Re6 16. Qf4 Qxa2
17. Rbd1 Nf8 18. e5 $36 b6 19. Qe4 Rb8 20. Ra1 Qb2 21. Rfb1 Qc3 22. Bd2 Bxe5
23. Bxc3 Bxh2+ 24. Kxh2 Rxe4 25. Be5 Rxe5 26. Nxe5 a5 27. Bc4 Nd7 28. Nxd7 Bxd7
29. Rxa5 {1-0 Hansen,S-Konopka,M/Gistrup 1992/EXT 98 (29)}) 14... a6 (14... e6
15. dxe6 fxe6 16. Bxd7 Bxd7 17. Qxd7 {1-0 Becker,M-Heinrich,T/St Ingbert 1998/
EXT 2002 (17)}) 15. Bxd7 Bxd7 16. Rxb7 Bb5 17. Re1 f6 18. Bh4 $5 (18. Bf4 $5)
18... g5 19. Bg3 Qxa2 20. d6 Bc6 21. Rc7 $1 Bxf3 22. gxf3 exd6 23. exd6 f5 24.
Rxe8+ Rxe8 25. d7 Rd8 26. Rc8 {1-0 Kopjonkin,G-Konopka,M/Zalakaros 1994/Inf 61/
[Kopjonkin,G; Raetsky,A] (26)}) (12... f6 13. Bf4 (13. Be3 Nd7 14. Qc1 Kh8 15.
Bb5 Qd8 16. Bxd7 Qxd7 17. Bxc5 b6 18. Bb4 Ba6 19. Re1 Bd3 20. Rb3 Rfc8 21. Rc3
{1/2-1/2 Tolnai,T-Sax,G/Lillafured 1999/CBM 070 (21)}) 13... Nd7 14. Qb3 Kh8
15. Rfd1 Qd8 16. h4 Ne5 17. h5 Nxf3+ 18. Qxf3 g5 19. Bg3 b6 20. d6 e5 21. d7
$36 {Vekshenkov,N-Elianov,V/USSR 1982/Inf 33 (21)}) 13. Qd2 (13. Qc1 b6 (13...
Bg4 14. Bf4 Qc8 15. e5 $44 {Chiburdanidze,M-Malaniuk,V/USSR 1982/Inf 33 (15)})
14. Bf4 Qd8 15. Rd1 Ba6 16. Bxa6 Nxa6 17. e5 Qd7 18. h4 Nb4 19. Qc4 Rad8 20. d6
exd6 21. Rxd6 Qg4 22. Re1 b5 23. Qe4 Rfe8 24. Rxd8 Rxd8 25. Ng5 Qf5 26. Qf3 Nd3
27. Re4 h5 $19 {0-1 Remon,A-Alzate,D/Havana 1983/MCL (40)}) (13. h3 b6 14. Qd2
Rd8 15. Rfd1 Nc6 16. Rbc1 Bb7 17. Qe3 Na5 18. h4 f6 19. Bf4 e5 20. dxe6 Qe7 21.
Nd2 Rd4 22. Nb3 Rxd1+ 23. Rxd1 Qxe6 24. Nxa5 bxa5 25. Qxc5 Qxe4 26. Bf3 Qxf4
27. Bxb7 Rf8 28. h5 gxh5 29. Qxa5 f5 30. Qxa7 h4 31. a4 Be5 32. a5 Bc7 33. Bd5+
Kh8 34. Bc6 Rf6 35. Qc5 Kg7 36. Rd7+ Rf7 37. Rd1 Rf6 38. Qc3 Qe5 39. Qb4 h3 40.
gxh3 {1/2-1/2 Gurevich,M-Gavrikov,V/Sverdlovsk 1984/EXT 99 (40)}) 13... Bg4 {
A logical move since White has not prevented it.} (13... b6 14. e5 Ba6 15. d6
exd6 16. exd6 Qd7 17. Bxa6 Nxa6 18. Be7 Rfe8 19. Rfe1 Nb4 20. Ng5 Bh6 21. Rbd1
Nc6 22. Qd5 Bxg5 23. Qxg5 c4 24. Qf6 Rac8 25. h4 Nxe7 26. dxe7 Qf5 27. Qc3 Qa5
28. Qf6 Qf5 29. Qc3 Qa5 30. Qf6 $11 {1-0 Mueller,K-Puth,D/Chessfriend.com 2003/
Telechess CBM 101 (62)}) 14. e5 (14. Rfc1 $5 b6 15. h3 Bxf3 16. Bxf3 e5 $6 (
16... Be5) 17. d6 Qc6 18. Be7 Re8 19. Be2 Nd7 20. Bb5 Qb7 21. Qc2 Bf8 22. Qa4
$16 {1/2-1/2 Legky,N-Veingold,A/Sverdlovsk 1984/EXT 99 (56)}) 14... Bxf3 15.
Bxf3 $5 $146 (15. d6 exd6 16. exd6 Qd7 17. Bxf3 Nc6 18. Be7 (18. Bxc6 Qxc6 19.
Be7 Rfe8 20. d7 Rxe7 21. d8=Q+ Rxd8 22. Qxd8+ Re8 $11) 18... Rfe8 19. Rfe1 Rac8
20. Bd5 Kh8 21. Qf4 $2 (21. Bxc6 Rxc6 22. Rxb7 Qxb7 23. d7 Rcc8 24. dxe8=Q+
Rxe8 25. Bxc5 $11) 21... Nxe7 22. Qxf7 Qxd6 23. Bxb7 Rb8 24. Bf3 Qf6 {0-1
Watanabe,A-De la Villa Garcia,J/Linares 2002/CBM 087 ext (24).}) 15... Bxe5 16.
d6 {This breakthrough is quite harmless. White wins an exchange but Black gets
two pawns and a solid position.} Bxd6 (16... Qxd6 $5 17. Bxb7 Nd7 18. Bxa8 Rxa8
19. Rb7 $13) 17. Rxb7 Qc8 18. Rbb1 (18. Bh6 Nc6 $1 (18... Rd8 $2 19. Qc3 e5 20.
Bd5 Nd7 21. Qf3 $18) 19. Bxc6 Qxc6 20. Qb2 f6 21. Bxf8 Kxf8 $11) (18. Bxe7 Bxe7
19. Rxe7 Nc6) 18... Nc6 19. Qd5 Nd4 20. Qxa8 Qf5 (20... Qxa8 $5 21. Bxa8 Rxa8)
21. Qd5 Nxf3+ 22. Qxf3 Qxg5 $11 23. Qe4 (23. Rb7 Qh4 24. g3 Qa4 25. Qb3 Qa6 $11
) 23... Rc8 24. Rfc1 Kg7 25. g3 h5 26. Rc4 Qf6 27. Kg2 Be5 28. Rd1 Bd6 29. Rb1
Be5 30. Rd1 Bd6 1/2-1/2

[Event "Corus-B"]
[Site "Wijk aan Zee"]
[Date "2005.01.20"]
[Round "5"]
[White "Ernst, Sipke"]
[Black "Carlsen, Magnus"]
[Result "1/2-1/2"]
[WhiteElo "2509"]
[BlackElo "2553"]
[Annotator "Avrukh,B"]
[PlyCount "73"]
[EventDate "2005.01.15"]
[EventType "tourn"]
[EventRounds "13"]
[EventCountry "NED"]
[EventCategory "13"]
[SourceTitle "CBM 105"]
[Source "ChessBase"]
[SourceDate "2005.04.11"]
[SourceVersion "1"]
[SourceVersionDate "2005.04.11"]
[SourceQuality "1"]

1. d4 Nf6 2. c4 g6 3. Nc3 Bg7 4. Nf3 O-O 5. e4 d6 6. Be2 e5 7. O-O Na6 8. Re1
c6 9. Bf1 exd4 10. Nxd4 Qb6 {A rare continuation which seems to me not enough
for equality.} ({The main theoretical line is} 10... Ng4 11. h3 Qb6) 11. Na4 {
White has to drive away Black's Q, otherwise 11...Ng4 would be unpleasant.} Qa5
12. f3 $1 $146 {A logical novelty, which clearly improves White's previous
play. Black is unable to create sufficient counterplay, which could compensate
White's space advantage.} ({The previous try was:} 12. Bd2 Qd8 13. Nb3 Ng4 14.
h3 Ne5 15. Qc2 d5 16. cxd5 cxd5 17. f4 Bd7 18. fxe5 Bxa4 19. exd5 Qxd5 $11 {
1/2-1/2 Gyimesi,Z-Smirin,I/Rabac 2004/CBM 102 ext (33)}) 12... Re8 13. Nc3 Nc5
(13... Qb6 14. Be3 $1 Qxb2 $140 $2 15. Na4 Qa3 16. Bc1 Qb4 17. Bd2 Qa3 18. Re3
Ng4 $1 19. Rxa3 Bxd4+ 20. Be3 Bxe3+ 21. Rxe3 Nxe3 22. Qxd6 $16) 14. Nc2 {
[%cal Gb2b4]} ({There was nothing wrong with the natural-looking} 14. Be3 {
since Black cannot break through in the centre.} d5 $2 15. exd5 cxd5 16. cxd5
$16) 14... Qb6 15. Kh1 Nfd7 16. Qd2 $1 ({Not falling into Black's trap after} 
16. Qxd6 Ne5 17. b4 Ncd3 $1 18. c5 (18. Bxd3 $2 Re6 $1 $17) 18... Qd8 {with
fantastic compensation.}) 16... Ne5 (16... a5 17. b3 $14) 17. b4 Na6 18. Rb1
Be6 19. Ne3 ({It was premature to play} 19. c5 $2 dxc5 20. Na4 Qc7 21. Bxa6
Rad8 22. Qf2 bxa6 23. Nxc5 Nd3 24. Nxd3 Rxd3 $15 {[%csl Ga2]}) 19... Bh6 $2 {
Black either overestimates his chances or simply misses White's 22.c5.} (19...
Rad8 $142 20. Na4 Qc7 21. f4 Ng4 22. Nxg4 Bxg4 23. Bb2 $14 {and White has a
very pleasant edge.}) 20. Qxd6 Bg7 ({Unfortunately neither} 20... Rad8 21. Qxe5
Bg7 22. Na4 Bxe5 23. Nxb6 axb6 24. Bb2 $16) ({nor} 20... Red8 21. Qxe5 Bg7 22.
Na4 Bxe5 23. Nxb6 axb6 24. Bb2 Bxb2 25. Rxb2 Nc7 26. b5 cxb5 27. Nd5 $1 $16 {
don't work, in both cases White retains clear advantage.}) 21. Qd2 Rad8 22. c5
$1 Rxd2 ({After} 22... Qc7 23. Qc2 {Black has no compensation at all.}) 23.
cxb6 Rdd8 24. bxa7 Nd3 $6 ({More stubborn was} 24... Nxf3 $142 25. gxf3 Bxc3
26. Re2 Ra8 {though after} 27. b5 $1 cxb5 28. Nd5 $1 Bxd5 29. exd5 Rxe2 30.
Bxe2 Rxa7 31. Be3 Ra8 32. d6 $16 {White's advantage is clear.}) 25. Bxd3 Rxd3
26. b5 cxb5 27. Ncd5 b4 28. Nb6 $2 {This move allows Black to escape, but the
solution was far from obvious.} (28. Nxb4 $2 Nxb4 29. Rxb4 Bc3 30. Rxb7 Bxe1
31. Rb8 Rdd8 32. a8=Q Rxb8 $17) (28. Nf4 Bxa2 29. Nxd3 Bxb1 30. Nxb4 Nxb4 31.
Bd2 Bd3 32. Bxb4 Bd4 $11) ({The right decision was:} 28. Nc2 $3 {[%csl Ge1]
defending the Re1.} Bxd5 29. exd5 Ra8 30. Be3 Rxd5 31. Red1 {[%csl Ga7] and
White has almost decisive advantage due to his a7-pawn.}) 28... Bxa2 29. Rb2
Bxb2 30. Bxb2 Nc7 31. Ng4 Red8 32. Nf6+ Kf8 33. Nxh7+ Kg8 34. Nf6+ Kf8 35. Nh7+
({A very bad decision would be:} 35. Bc1 Kg7 $1 36. Bg5 Rd1 37. Rg1 b3 {
and Black is winning.}) 35... Kg8 36. Nf6+ Kf8 37. Nh7+ 1/2-1/2

[Event "Corus-B"]
[Site "Wijk aan Zee"]
[Date "2005.01.23"]
[Round "8"]
[White "Stellwagen, Daniel"]
[Black "Carlsen, Magnus"]
[Result "1/2-1/2"]
[WhiteElo "2524"]
[BlackElo "2553"]
[Annotator "Finkel,A"]
[PlyCount "103"]
[EventDate "2005.01.15"]
[EventType "tourn"]
[EventRounds "13"]
[EventCountry "NED"]
[EventCategory "13"]
[SourceTitle "CBM 105"]
[Source "ChessBase"]
[SourceDate "2005.04.11"]
[SourceVersion "1"]
[SourceVersionDate "2005.04.11"]
[SourceQuality "1"]

1. e4 c5 2. Nf3 Nc6 3. Bb5 g6 4. O-O Bg7 5. Re1 e5 6. b4 $5 {Starting an
action without any prelimenary preparations!} cxb4 {With this move black shows
that he is not interested in accepting the pawn sacrifice.} (6... Nxb4 $5 7.
Bb2 a6 (7... Nc6 8. Bxc6 dxc6 9. Nxe5 Qc7 10. Nc4 Bxb2 11. Nxb2 Be6 12. a4
O-O-O $132 {Qin Kanying-Pigusov,E/Shanghai 2000}) 8. a3 axb5 9. axb4 Rxa1 10.
Bxa1 cxb4 11. Bxe5 Bxe5 12. Nxe5 Ne7 13. d3 O-O 14. Nd2 $14 {Okkes,M-Van Wely,
L/Enschede 2003}) 7. a3 Nge7 8. axb4 O-O 9. Bxc6 $5 {Once the bishop is on b5
it's quite obvious that white won't hesitate to trade it for the knight!} (9.
c3 d5 10. d3 Be6 11. Nbd2 a6 12. Ba4 h6 (12... b5 13. Bc2 d4 14. Bb2 dxc3 15.
Bxc3 Nd4 16. Bxd4 exd4 17. Bb3 $14 {Gdanski,J-Pyda,Z/Zakopane 2000}) 13. Bb3
Qc7 14. exd5 Bxd5 15. Bb2 Rad8 $132 {Lutikov,A-Petersons,A/Kiev 1964/URS-ch}) (
9. Bb2 d6 10. Bxc6 Nxc6 11. b5 Na5 12. d3 a6 13. Nc3 Bd7 14. Ba3 Bxb5 15. Nxb5
axb5 16. Qb1 Qd7 $13 {Brynell,S-Yakovich,Y/Stockholm 1999}) 9... bxc6 (9...
Nxc6 10. Bb2 d6 11. b5 Na5 12. Bc3 b6 13. Bxa5 bxa5 14. c4 a6 15. Nc3 axb5 16.
Nxb5 $14 {Jackova,J-Szabo,V/Mureck 1998}) (9... dxc6 10. Bb2 Bg4 11. h3 Bxf3
12. Qxf3 Qd6 13. Qb3 Rfe8 14. d3 Nc8 15. Nd2 Nb6 16. Ra5 $14 {Ashton,A-Byway,P/
Birmingham 2002}) 10. Bb2 d6 11. d4 f6 12. Nbd2 {The opening phase is over and
the plans of the sides are more or less clear: white is going to play on the
queenside and in the center, while black will try his luck trying to launch an
attack against white king.} (12. c4 Qb6 13. c5 dxc5 14. Qb3+ Kh8 15. dxc5 Qc7
16. Ra5 g5 17. Na3 Ng6 $132 {Mazara,A-Pazos,P/Cuba 1998}) 12... Be6 13. c4 g5 (
{An attempt to get rid of the weak pawn wouldn't solve black's problems:} 13...
a5 14. bxa5 Rxa5 15. Rxa5 Qxa5 16. c5 Rd8 17. cxd6 Rxd6 18. d5 $14 {[%cal
Gd2c4] and white keeps an edge.}) 14. Qc2 ({Deserved attention} 14. d5 $5 cxd5
15. cxd5 Bd7 16. Nc4 g4 17. Nfd2 $14 {[%cal Gd2f1,Gf1e3]}) 14... Ng6 15. Nf1 {
White's desire to bring another piece to the kingside is understandable, but
may be the knight should go in the opposite direction.} (15. Nb3 g4 16. Nfd2 f5
17. dxe5 Nxe5 18. Nd4 Qd7 19. Ra6 $14) 15... g4 16. N3d2 f5 {Black needs to
open up the center to give the bishops some space.} 17. dxe5 (17. d5 cxd5 18.
cxd5 Bd7 19. Ne3 f4 20. Nec4 f3 $132) 17... dxe5 (17... Nxe5 18. exf5 Bxf5 19.
Qb3 Be6 20. Qg3 $14 {[%csl Re5][%cal Gc4c5]}) 18. exf5 Bxf5 19. Ne4 Nf4 20.
Rad1 Qh4 21. Nfg3 Bg6 22. Rd7 (22. Qa4 $5) 22... Rad8 23. Rxg7+ $5 {
Interesting attempt to break through, but may be it was more accurate to
refrain from the sacrifice keping the pressure in the center.} (23. Qd2 Rxd7
24. Qxd7 Rd8 25. Qc7 $1 Nd3 26. Rd1 $16 {[%csl Ra7,Rc6,Rd3,Rd8,Re5]}) 23...
Kxg7 24. Bxe5+ Kg8 25. Ba1 Ne6 26. c5 {[%cal Gc2c3,Ge4d6] It's very hard to
believe that black will be able to hold this position, but the Norvegian
wonder-child manages to pull the things together.} Rd5 $1 27. b5 Qe7 28. bxc6
$6 {Providing black a chance to get counterplay.} (28. Qa2 $142 $1 $16) 28...
Rxc5 $1 29. Qa4 Bxe4 30. Qxe4 Qf7 $1 31. Qxg4+ Qg6 32. Qe2 (32. Qxg6+ hxg6 33.
Rxe6 Rc1+ 34. Nf1 Rxa1 35. Rxg6+ Kf7 $15) 32... Rxc6 33. Qe5 Ng7 (33... Rc5 34.
Qh8+ Kf7 35. Qb2 $13) 34. h4 Qf7 $2 {Missing 35.Nf5 which could've decided the
game in white's favor.} (34... Re6 35. Qd5 Qf7 36. Ne4 h6 $1 $15 {[%csl Gg5]})
35. Rf1 $2 (35. Nf5 Re6 36. Rc1 $1 (36. Qxe6 $5 Qxe6 37. Rxe6 Nxf5 38. g3 $18 {
[%csl Ra7]})) 35... Re6 $2 (35... Re8) 36. Qd4 $2 {Blowing the second chance!}
(36. Nf5 $1 Rxe5 37. Nh6+ Kh8 38. Nxf7+ Rxf7 39. Bxe5 $18) 36... Re7 37. h5 h6
(37... Qf4 $5 {[%cal Ge7f7,Gf4g4]}) 38. Qd6 Qe6 39. Qd4 Ref7 40. Qc3 Qg4 41.
Qe5 Kh7 42. Qb5 Qxg3 $11 {Forcing a draw.} (42... Nf5 $5 43. Qd3 Re8 $15) 43.
fxg3 Rxf1+ 44. Qxf1 Rxf1+ 45. Kxf1 Nxh5 46. g4 Nf4 47. Bc3 Nd5 48. Bd2 Kg6 49.
Ke2 a6 50. Kd3 Nf6 51. Kc4 Nxg4 52. Bxh6 $1 {[%cal Gc4b4,Gb4a5]} 1/2-1/2

[Event "Corus-B"]
[Site "Wijk aan Zee"]
[Date "2005.01.26"]
[Round "10"]
[White "Cheparinov, Ivan"]
[Black "Carlsen, Magnus"]
[Result "0-1"]
[WhiteElo "2572"]
[BlackElo "2553"]
[Annotator "Rogozenco,D"]
[PlyCount "74"]
[EventDate "2005.01.15"]
[EventType "tourn"]
[EventRounds "13"]
[EventCountry "NED"]
[EventCategory "13"]
[SourceTitle "CBM 105"]
[Source "ChessBase"]
[SourceDate "2005.04.11"]
[SourceVersion "1"]
[SourceVersionDate "2005.04.11"]
[SourceQuality "1"]

1. e4 c5 2. Nf3 Nc6 3. d4 cxd4 4. Nxd4 Nf6 5. Nc3 e5 6. Ndb5 d6 7. Bg5 a6 8.
Na3 b5 9. Bxf6 gxf6 10. Nd5 Bg7 11. Bd3 Ne7 12. Nxe7 Qxe7 13. c4 f5 14. O-O O-O
15. cxb5 $6 (15. Qh5) (15. Qf3) 15... d5 16. exd5 e4 17. Qe2 Rb8 ({Black
achieves good play with} 17... Qb4 18. Bc4 Qxb2 19. Nc2 axb5 20. Rab1 Qf6 21.
Rxb5 f4 $44) 18. Rab1 Rb6 $146 (18... Qe5 19. Bc4 axb5 20. Nxb5 Bd7 21. Rfd1
Rb6 22. Nc3 Re8 23. d6 Rxd6 24. Rxd6 Qxd6 25. Rd1 Qc7 26. Nd5 (26. Rxd7 Qxd7
27. Bb5 Qe6 28. Bxe8 Qxe8 29. Qd2 $16) 26... Qb7 27. b4 Be6 28. b5 Rd8 {
0-1 Hennigan,R-Juergens,V/Aarhus 1990 (38)} 29. a4 Bxd5 (29... Rxd5 30. Bxd5
Bxd5 31. Qd2 Be6 32. Qd8+ Bf8 33. Qg5+ Kh8 34. Rd8 $18) 30. Qd2 $16) 19. Qe3
Rg6 20. Bc2 (20. bxa6 Qh4 21. a7 Bb7 22. Bc4 Bd4 (22... Be5 23. g3 Qh3 24. f4
Bc7 $44) 23. Qxd4 Rxg2+ $11) 20... Qh4 $44 21. b6 (21. f4 $2 exf3 22. Qxf3 (22.
Rxf3 $4 Bd4 $19) 22... Be5 23. h3 Rg3 $40) 21... Kh8 $5 (21... Bd4 22. Qxd4
Rxg2+ 23. Kxg2 Qg4+ $11) 22. Nc4 Rg8 23. g3 Qh3 24. Rfd1 (24. Qd2 f4 $1 (24...
Rh6 25. f3 f4 26. g4 $13) 25. Bxe4 (25. Qxf4 Rh6 $19) 25... Rh6 $19) 24... Rh6
25. Qf4 Bf6 (25... a5 $5 {[%cal Gc8a6]} 26. d6 Bf6 27. d7 Ba6 28. b3 Rh4 $13)
26. Ne5 $2 (26. b7 $1 Bxb7 27. Nd6 Qxh2+ 28. Kf1 Rg7 (28... Rh4 29. Qxf5) 29.
Qxf5 (29. Nxf5 $5 Qh1+ 30. Ke2 Qh5+ 31. Ke1 Rg4 32. Qxh6 Qxf5 33. d6) 29... Bd8
30. Nxe4 $13) (26. Nd6 $2 Qxh2+ 27. Kf1 Rh4 $5 28. Nxf7+ Kg7 29. Qc7 Qh1+ 30.
Ke2 Qf3+ 31. Kd2 Qxf2+ 32. Kc1 Qe3+ 33. Rd2 Rh2 34. Nd6+ Kh6 $19) 26... Bxe5
27. Qxe5+ f6 28. Qf4 Rg4 29. Qc7 Rg8 30. Re1 $2 (30. Qf4 Bd7 {[%cal Gd7b5]} ({
Or} 30... Rh4 31. Qd6 Qxh2+ 32. Kf1 Qh1+ 33. Ke2 Qf3+ 34. Kd2 Qxf2+ 35. Kc3 Rh6
$17) 31. a4 Rh4 32. Qd6 Qxh2+ 33. Kf1 Qh1+ 34. Ke2 Qf3+ 35. Kd2 Qxf2+ 36. Kc3
Rhg4 $5 (36... Rc8+ 37. Kb4 Qxc2 38. Qxd7 $1 Rg4 $13 {/=} (38... Rc4+ $2 39.
Ka3 $18)) 37. Qxf6+ R4g7 $17 {[%cal Gg8b8,Gg8c8]}) 30... Qxh2+ 31. Kf1 Qh1+ 32.
Ke2 Qf3+ 33. Kd2 Qxf2+ 34. Kd1 f4 $19 35. Qc3 fxg3 36. Bxe4 Bg4+ 37. Kc1 Rc8
0-1

[Event "Gausdal GM-A"]
[Site "Gausdal"]
[Date "2005.04.14"]
[Round "2"]
[White "Kulaots, Kaido"]
[Black "Carlsen, Magnus"]
[Result "1-0"]
[WhiteElo "2578"]
[BlackElo "2548"]
[Annotator "Ftacnik,L"]
[PlyCount "77"]
[EventDate "2005.04.13"]
[EventType "tourn"]
[EventRounds "9"]
[EventCountry "NOR"]
[EventCategory "10"]
[SourceTitle "CBM 107"]
[Source "ChessBase"]
[SourceDate "2005.08.01"]
[SourceVersion "1"]
[SourceVersionDate "2005.08.01"]
[SourceQuality "1"]

1. e4 c5 2. Nf3 d6 3. d4 cxd4 4. Nxd4 Nf6 5. Nc3 a6 6. Be2 e5 7. Nb3 Be7 8. O-O
O-O 9. Kh1 b6 10. f3 Bb7 11. Be3 Nbd7 {The modern line with careful advance 9..
.b6 is very popular, black is often ready to sacrifice the exchange for the
knight on c3 in order to enable d6-d5 advance.} (11... b5 12. a4 b4 13. Nd5
Nxd5 14. exd5 Nd7 15. c4 bxc3 16. bxc3 Bg5 17. Bg1 Qc7 18. c4 a5 19. Nd2 f5 20.
Nb1 Nc5 21. Nc3 Rf6 22. Rb1 Ba6 23. Qc2 {Anand,V-Gelfand,B/Dos Hermanas/1997/
0,5}) 12. a4 Rc8 (12... Qc7 13. Rf2 Rfd8 14. Bf1 $14) 13. Rf2 Rc7 14. Bf1 (14.
Qf1 Qa8 15. Rd1 h6 16. Nd2 d5 17. exd5 Rxc3 18. bxc3 Nxd5 19. Nc4 b5 20. Rxd5
Bxd5 21. axb5 axb5 22. Nd2 b4 {1/2-1/2 Lopez Rodriguez,J-Morales,J/Medina del
Campo 2001/ (48)}) 14... Qa8 15. Rd2 Rfc8 (15... h6 16. Nc1 Rxc3 17. bxc3 d5
18. exd5 (18. Nb3 Rc8 19. exd5 Nxd5 20. Rxd5 Bxd5 21. c4 Be6 22. a5 bxa5 23.
Rxa5 Bb4 24. Ra4 a5 {1/2-1/2 Barua,D-Sowray,P/London 2001/ (37)}) (18. c4 dxe4
19. Rxd7 Nxd7 20. Qxd7 exf3 21. Kg1 fxg2 22. Bd3 (22. Be2 Bf6 23. Qg4 Be7 {
0-1 Rohl Montes,J-Leitao,R/San Felipe 1998/ (31)}) 22... Bc5 23. Bxc5 bxc5 24.
Nb3 Bc6 25. Qf5 {1-0 Ye Jiangchuan-Lin Weiguo/Beijing 1997/ (46)}) 18... Nxd5
19. Rd3 e4 20. fxe4 Nxe3 21. Rxe3 Nc5 22. e5 Ne4 23. Qe1 Rc8 24. Nb3 Bg5 25. e6
fxe6 26. Rf3 {1-0 Brodsky,M-Sowray,P/Port Erin 2001/ (38)}) 16. Qe2 {
Interesting idea 16.Nc1!? has brought success in two important predecessors
games.} (16. Nc1 $5 Rxc3 (16... Bf8 17. N1a2 h6 18. Nb4 Rxc3 19. bxc3 Rxc3 20.
Rd3 Rc7 21. Rb1 Nc5 22. Bxc5 Rxc5 23. Rd2 {1-0 Ganguly,S-Alzate,D/Bled 2002/ 
(36)}) 17. bxc3 Rxc3 18. Rd3 Qc8 19. Rxc3 Qxc3 20. Nd3 d5 21. Bd2 Qc8 22. exd5
Bxd5 23. Bb4 {1-0 Lutz,C-Roeder,M/Vienna 1996/ (44)}) 16... h6 17. Rad1 Rxc3
18. bxc3 d5 (18... Rxc3 19. Rd3 Rxd3 (19... Rc8 20. Qd2 $16) 20. Qxd3 d5 21.
exd5 Nxd5 22. Bg1 $14) 19. exd5 (19. Qf2 Rxc3 20. exd5 Nxd5 21. Rd3 $14) 19...
Nxd5 20. Rd3 (20. Rxd5 Bxd5 21. Qxa6 Qxa6 22. Bxa6 Rxc3 $1 23. Rxd5 Rxe3 24.
Kg1 Nc5 $11) 20... N7f6 $1 {Carlsen understands, that his chances are closely
married to the activity and coordination of his pieces.} (20... Nxc3 $4 21.
Rxc3 Rxc3 22. Rxd7 $18) 21. Qe1 e4 (21... b5 22. axb5 axb5 23. Bf2 $16) (21...
Bf8 22. Bf2 Qb8 23. c4 $16) 22. fxe4 Nxe4 (22... Nxe3 23. Rxe3 Nxe4 24. Rd4 f5
25. Bc4+ Kh8 26. Be6 Rf8 $14) 23. Bd4 Nf4 {Black is full exchange down, but
his pieces are dancing on many attractive squares.} (23... f5 24. Rf3 Rf8 25.
c4 Nb4 26. Bxb6 $18) 24. Rf3 (24. Re3 Ng6 25. Kg1 $14) 24... Ng6 (24... Bg5 25.
h4 Nc5 26. hxg5 Bxf3 27. Rd2 $1 (27. gxf3 Qxf3+ 28. Kg1 Ne4) 27... Bd5 28. Qe5
Nce6 29. gxh6 $14) 25. Kg1 Re8 $5 (25... Bh4 26. g3 Ng5 27. Re3 Nf3+ 28. Rxf3
Bxf3 29. gxh4 Re8 30. Qd2 Bxd1 31. Qxd1 Nxh4 32. Nd2 Re6 33. Qh5 $16) 26. Bc4 (
26. Be2 Ng5 27. Rf2 Ne4 28. Rf5 Nd6 $11) 26... Nd6 27. Be2 Nh4 $1 (27... Bxf3
28. Bxf3 Qb8 29. Qf2 Bg5 $11) 28. Rg3 Ndf5 29. Qf2 Bg5 (29... Nxg3 $5 30. hxg3
Ng6 31. Bxb6 (31. Bc4 Bd5 $1) 31... Qc8 $15) 30. Bf1 (30. Rxg5 hxg5 31. Bf1 Qd8
$11) 30... Re4 $2 {[%mdl 2048] The concentration of black forces was pretty
dangerous, but with his last move he oversteps the limit.} (30... Nxg3 31. hxg3
Ng6 32. Bxb6 Ne5 $15) 31. Bd3 $6 (31. Rxg5 $1 hxg5 32. Bxb6 Re8 33. a5 $16)
31... Rf4 32. Qe2 Nxg3 33. hxg3 Nxg2 $2 {The young swedish prodigy has got
lost in complications. The last chance to use potential of his pieces was
hidden in the spectacular move 33...Bf3!} (33... Rxd4 34. Nxd4 Nxg2 35. Rb1 $14
) (33... Bf3 $1 34. gxf3 (34. Qe5 Rxd4 35. cxd4 (35. Qxd4 Nxg2 $19) 35... Bxd1
36. gxh4 Bxh4 $15) 34... Nxf3+ 35. Kh1 Nxd4+ (35... Rg4 $5 36. Qg2 $18) 36. Qg2
Qxg2+ 37. Kxg2 Nxc2 $1 38. Bxc2 (38. gxf4 Ne3+ 39. Kf3 Nxd1 40. fxg5 Nxc3 $11)
38... Rxa4 $14) 34. gxf4 Nxf4 35. Qe5 $1 {Kulaots immeditely sizes his chances
for an attack of his own.} f6 (35... Nh3+ 36. Kf1 Bg2+ 37. Ke1 Bh4+ 38. Kd2
Bg5+ 39. Be3 $18) 36. Qf5 g6 (36... Bh1 37. Bc4+ (37. Qh7+ Kf7 38. Bc4+ Ne6 $15
) 37... Kh8 (37... Kf8 38. Rd2 $18) 38. Rd2 $18) 37. Bc4+ Kf8 38. Qd7 Nh3+ (
38... Bd5 39. Bxd5 Nxd5 40. Rf1 $18) 39. Qxh3 1-0